Commercial leases 2008 (Record no. 107619)

MARC details
000 -LEADER
fixed length control field 01072cam a22002535a 4500
001 - CONTROL NUMBER
control field L141260
008 - FIXED-LENGTH DATA ELEMENTS--GENERAL INFORMATION
fixed length control field 071108s2007 xxk f 000 0 eng d
020 ## - INTERNATIONAL STANDARD BOOK NUMBER
International Standard Book Number 9781842193457
035 ## - SYSTEM CONTROL NUMBER
System control number (Sirsi) u141260
041 0# - LANGUAGE CODE
Language code of text/sound track or separate title eng
050 04 - LIBRARY OF CONGRESS CALL NUMBER
Classification number 346.4104343 $2 18
100 1# - MAIN ENTRY--PERSONAL NAME
Personal name Bannister, Edward
245 00 - TITLE STATEMENT
Title Commercial leases 2008
Remainder of title a surveyor's guide
260 ## - PUBLICATION, DISTRIBUTION, ETC.
Place of publication, distribution, etc. Coventry
Name of publisher, distributor, etc. RICS Books
Date of publication, distribution, etc. 2007
300 ## - PHYSICAL DESCRIPTION
Extent xxiv, 286p.
Dimensions 21cm.
350 ## - PRICE (NR) (BK AM CF MU VM SE) [OBSOLETE]
Price 34.95
520 ## - SUMMARY, ETC.
Summary, etc. Provides straightforward advice to surveyors on the structure of commercial leases. Broadly follows the structure of a typical lease of commercial premises and provides commentary on the application of the Code for leasing business premises in England and Wales 2007 and the RICS service charge code. Sets out recommended approaches to negotiating lease terms and identifies solutions to various legal issues.
521 2# - TARGET AUDIENCE NOTE
Target audience note Advanced
590 ## - LOCAL NOTE (RLIN)
Local note KA
651 #4 - SUBJECT ADDED ENTRY--GEOGRAPHIC NAME
Geographic name United Kingdom
Chronological subdivision
690 ## - LOCAL SUBJECT ADDED ENTRY--TOPICAL TERM (OCLC, RLIN)
Topical term or geographic name as entry element PROPERTY-COMMERCIAL PROPERTY-COMMERCIAL LANDLORD AND TENANT-COMMERCIAL LEASES
942 ## - ADDED ENTRY ELEMENTS (KOHA)
Suppress in OPAC 0
Holdings
Withdrawn status Lost status Source of classification or shelving scheme Damaged status Not for loan Home library Current library Shelving location Date acquired Total Checkouts Full call number Barcode Date last seen Copy number Price effective from Koha item type
    Dewey Decimal Classification     London London RICS Boxes 02/06/2009   RICS 2007/65 30072552 06/08/2019 1 06/08/2019 Archive
    Dewey Decimal Classification     London London RICS Boxes 02/06/2009   RICS 2007/65 30072548 06/08/2019 1 06/08/2019 Book
    Dewey Decimal Classification     London London RICS Boxes 19/03/2014   RICS 2007/65 30078294 06/08/2019 2 06/08/2019 Book